| 000 | 00410ngm a22001577a 4500 | ||
|---|---|---|---|
| 005 | 20170301105653.0 | ||
| 008 | 160216b xxu||||| |||| 00| 0 spa d | ||
| 041 | _aspa | ||
| 082 | _a77 DVD | ||
| 245 | _aInstructions ultra-pake opaquing porcelain with ultra escent crystals. | ||
| 260 | _c2002 | ||
| 300 | _a60 minutos | ||
| 650 |
_aPORCELANAS _940834 |
||
| 650 |
_aLABORATORIO _91130 |
||
| 942 | _cDVD | ||
| 999 |
_c8929 _d8929 |
||